000 00643nam a2200241Ia 4500
003 OSt
005 20220924143558.0
006 a|||||r|||| 00| 0
007 ta
008 220923b |||||||| |||| 00| 0 urd d
024 _a309064
037 _cTextual
040 _aARTS
_cARTS
_burd
041 _2urd
_aurd
082 _aO155,3NO6, 168M7
100 _aAmbedkar
_9216361
245 0 _aRan -e- aangan
260 _c1987
650 _aMARATHI LITERATURE
_938000
700 _a Rudalwi Abdul Sattar
_9216362
942 _hO155,3NO6, 168M7
_cTEXL
_2CC
999 _c455067
_d455067